Biblical administration: (Record no. 6365)

MARC details
000 -LEADER
fixed length control field 00625nam a22001697a 4500
003 - CONTROL NUMBER IDENTIFIER
control field GBCCL
005 - DATE AND TIME OF LATEST TRANSACTION
control field 20241126110601.0
008 - FIXED-LENGTH DATA ELEMENTS--GENERAL INFORMATION
fixed length control field 180510b ||||| |||| 00| 0 eng d
040 ## - CATALOGING SOURCE
Transcribing agency gbc
082 ## - DEWEY DECIMAL CLASSIFICATION NUMBER
Classification number 262.0068
Item number THO
100 ## - MAIN ENTRY--PERSONAL NAME
Personal name Thomas, M.A.
9 (RLIN) 11399
245 ## - TITLE STATEMENT
Title Biblical administration:
Remainder of title The guide that provides an understanding of leadership, by focusing on the administrative abilities and talents that every born again Christian possesses /
Statement of responsibility, etc. M.A. Thomas
260 ## - PUBLICATION, DISTRIBUTION, ETC.
Place of publication, distribution, etc. Rajasthan:
Name of publisher, distributor, etc. Emmanuel Bible Institute,
Date of publication, distribution, etc. 1999
300 ## - PHYSICAL DESCRIPTION
Extent 56 p.;
Dimensions 20 cm.
650 ## - SUBJECT ADDED ENTRY--TOPICAL TERM
Topical term or geographic name entry element Administration
General subdivision Biblical teaching
9 (RLIN) 11400
942 ## - ADDED ENTRY ELEMENTS (KOHA)
Source of classification or shelving scheme Dewey Decimal Classification
Koha item type Books
Koha issues (borrowed), all copies 3
Holdings
Withdrawn status Lost status Source of classification or shelving scheme Damaged status Not for loan Home library Current Library Shelving location Date acquired Total checkouts Full call number Barcode Date last seen Date last checked out Copy number Price effective from Koha item type
    Dewey Decimal Classification     GRACE BIBLE COLLEGE GRACE BIBLE COLLEGE Ministry & Mission 2018-05-10 3 262.0068 THO 013349 2025-05-01 2024-02-17 c.1 2018-05-10 Books
© Grace Bible College Library 2025